Draw all Italian Regional Borders - Statistics

General Stats
  • This quiz has been taken 739 times
  • The average score is 24 of 31
Answers on the Map
Answers color-coded by a green-red scale on the quiz's map according to % correct below.
 
Answer Stats
Answer % Correct
Piedmont - Lombardy
89%
Piedmont - Liguria
88%
Tuscany - Lazio
87%
Tuscany - Liguria
87%
Lombardy - Veneto
83%
Lazio - Campania
82%
Tuscany - Emilia-Romagna
82%
Umbria - Lazio
82%
Aosta Valley - Piedmont
81%
Liguria - Emilia-Romagna
80%
Lombardy - Emilia-Romagna
80%
Tuscany - Umbria
80%
Veneto - Emilia-Romagna
80%
Campania - Puglia
78%
Piedmont - Emilia-Romagna
78%
Puglia - Basilicata
77%
Marche - Emilia-Romagna
76%
Basilicata - Calabria
75%
Campania - Basilicata
75%
Lazio - Abruzzo
75%
Lazio - Marche
75%
Marche - Tuscany
75%
Veneto - Trentino-South Tyrol
75%
Lombardy - Trentino-South Tyrol
74%
Marche - Umbria
74%
Molise - Puglia
74%
Veneto - Friuli-Venezia Giulia
74%
Lazio - Molise
73%
Marche - Abruzzo
72%
Campania - Molise
71%
Abruzzo - Molise
69%
No matching quizzes found
Score Distribution
Percent of People with Each Score
Percentile by Number Answered
Your Score History
You have not taken this quiz